Basel III - jeden z nástrojov regulácie bankovníctva diplomová práca

Guardado en:
Detalles Bibliográficos
Autor principal: Szabariová, Silvia
Autor Corporativo: Národohospodárska fakulta EU. Katedra bankovníctva a medzinárodných financií
Otros Autores: Tkáčová, Daniela, 1954-
Formato: Libro
Lenguaje:eslovaco
Publicado: Bratislava 2017
Etiquetas: Agregar Etiqueta
Sin Etiquetas, Sea el primero en etiquetar este registro!

MARC

LEADER 00000nbm a2200000 4500
001 0231765
005 20180112121118.2
041 0 |a slo 
044 |a SK 
245 1 0 |a Basel III - jeden z nástrojov regulácie bankovníctva  |b diplomová práca  |c Silvia Szabariová ; školiteľ: Daniela Tkáčová 
264 1 |a Bratislava  |c 2017 
300 |a 66 s. 
100 1 |a Szabariová, Silvia 
700 1 |a Tkáčová, Daniela, 1954- 
710 2 |a Národohospodárska fakulta EU. Katedra bankovníctva a medzinárodných financií